MARC

LEADER 00000nam0a2200000 4500
001 289988
005 20231102000235.0
035 |a (RuTPU)RU\TPU\book\314516 
090 |a 289988 
100 |a 20150403d1977 k y0rusy50 ca 
101 0 |a rus 
102 |a RU 
105 |a a z 001zy 
200 1 |a Технология производства следящего гидропривода  |f Я. А. Бекиров 
210 |a Москва  |c Машиностроение  |d 1977 
215 |a 224 с.  |c ил. 
320 |a Библиогр.: с. 222. 
606 1 |a Гидравлические приводы синхронно-следящие  |2 stltpush  |3 (RuTPU)RU\TPU\subj\38642  |9 59029 
610 1 |a производство 
610 1 |a технология 
610 1 |a технологические особенности 
610 1 |a следящие гидроприводы 
610 1 |a электромеханические преобразователи сигналов 
610 1 |a золотниковые распределители 
610 1 |a силовые исполнительные механизмы 
610 1 |a уплотнители 
610 1 |a изготовление 
675 |a 62-82  |v 3 
700 1 |a Бекиров  |b Я. А.  |g Якуб Асанович 
801 1 |a RU  |b 63413507  |c 20150403 
801 2 |a RU  |b 63413507  |c 20171117  |g RCR 
942 |c BK